Simulácia distribuovaných informačných systémov
Počítačová simulácia-efektívny nástroj na analýzu konfigurácie sieťových komponentov v počítačových sieťach. Využitá aj pri simulácii distribuovaných informačných systémov, a to jednak vo fáze návrhu týchto systémov, ako aj vo fáze ich prevádzky a údržby. Možnosti využitia počítačových simulácií v p...
Na minha lista:
| Autor principal: | |
|---|---|
| Formato: | Capítulo de Livro |
| Idioma: | eslovaco |
| Assuntos: | |
| Tags: |
Sem tags, seja o primeiro a adicionar uma tag!
|
MARC
| LEADER | 00000nla a2200000 4500 | ||
|---|---|---|---|
| 001 | 0180578 | ||
| 005 | 20240502073100.0 | ||
| 041 | 0 | |a slo | |
| 044 | |a SK | ||
| 245 | 1 | 0 | |a Simulácia distribuovaných informačných systémov |c Pavol Jurík |
| 520 | |a Počítačová simulácia-efektívny nástroj na analýzu konfigurácie sieťových komponentov v počítačových sieťach. Využitá aj pri simulácii distribuovaných informačných systémov, a to jednak vo fáze návrhu týchto systémov, ako aj vo fáze ich prevádzky a údržby. Možnosti využitia počítačových simulácií v podnikových distribuovaných systémoch. Objasnenie rozdielu medzi sieťovým simulátorom a sieťovým emulátorom. | ||
| 610 | 2 | 0 | |a simulácia |
| 610 | 2 | 0 | |a systémy informačné |
| 610 | 2 | 0 | |a siete počítačové |
| 610 | 2 | 0 | |a optimalizácia |
| 100 | 1 | |a Jurík, Pavol, 1987- | |